书目信息 |
| 题名: |
银河铁道之夜
|
|
| 作者: | 宫泽贤治 著 ;凌文桦 译 | |
| 分册: | ||
| 出版信息: | 成都 天地出版社 2021 |
|
| 页数: | 300页 | |
| 开本: | 19cm | |
| 丛书名: | ||
| 单 册: | ||
| 中图分类: | I313.88 | |
| 科图分类: | ||
| 主题词: | 童话--作品集--日本--现代 | |
| 电子资源: | ||
| ISBN: | 978-7-5455-5968-2 | |
| 000 | 00691nam0 2200229 450 | |
| 001 | 0105329424 | |
| 005 | 20210429135730.0 | |
| 010 | @a978-7-5455-5968-2@dCNY42.00 | |
| 100 | @a20210322d2021 cemy0chiy0120 ea | |
| 101 | 1 | @achi@cjpn |
| 102 | @aCN@b510000 | |
| 105 | @aa z 000fy | |
| 106 | @ar | |
| 200 | 1 | @a银河铁道之夜@9Yin He Tie Dao Zhi Ye @f(日)宫泽贤治著@g凌文桦译@b专著 |
| 210 | @a成都@c天地出版社@d2021 | |
| 215 | @a300页@c彩图@d19cm | |
| 606 | 0 | @a童话@x作品集@y日本@z现代 |
| 690 | @aI313.88@v5 | |
| 701 | 0 | @c(日)@a宫泽贤治@9gong ze xian zhi@f(1896~1933)@4著 |
| 702 | 0 | @a凌文桦@9ling wen hua@4译 |
| 801 | 0 | @aCN@bAZmarc@c20230905 |
| 905 | @aBZT@dI313.88@e6@f1@sI313.88/6 | |
| 银河铁道之夜/(日)宫泽贤治著/凌文桦译.-成都:天地出版社,2021 |
| 300页:彩图;19cm |
| ISBN 978-7-5455-5968-2:CNY42.00 |
| ● |
| 相关链接 |
|
|
|
正题名:银河铁道之夜
索取号:I313.88/6
 
预约/预借
| 序号 | 登录号 | 条形码 | 馆藏地/架位号 | 状态 | 备注 |
| 1 | 2000154887 | 2000154887 | 旧书回溯/ [索取号:I313.88/6] | 在馆 |